| 000 | 02391nam a2200373 a 4500 | ||
|---|---|---|---|
| 001 | ebr10586781 | ||
| 003 | CaPaEBR | ||
| 006 | m u | ||
| 007 | cr cn||||||||| | ||
| 008 | 110517s2011 nyua sb 001 0 eng d | ||
| 010 | _z 2011021023 | ||
| 020 | _z9780823240609 (cloth alk. paper) | ||
| 020 | _z0823240606 (cloth alk. paper) | ||
| 020 | _z9780823240616 (paper alk. paper) | ||
| 020 | _z0823240614 (paper alk. paper) | ||
| 040 |
_aCaPaEBR _cCaPaEBR |
||
| 035 | _a(OCoLC)811403336 | ||
| 050 | 1 | 4 |
_aRC961 _b.C22 2011eb |
| 082 | 0 | 4 |
_a616.9/883 _223 |
| 100 | 1 | _aCahill, Kevin M. | |
| 245 | 1 | 0 |
_aTropical medicine _h[electronic resource] : _ba clinical text / _cKevin M. Cahill. |
| 250 | _a8th ed., rev. and expanded. | ||
| 260 |
_aNew York : _bFordham University Press, _c2011. |
||
| 300 |
_axiv, 304 p. : _bill. |
||
| 490 | 1 | _aInternational humanitarian affairs | |
| 504 | _aIncludes bibliographical references and index. | ||
| 520 | _a"The history of tropical medicine is as dramatic as the story of mankind--with its own myths and legends, with tales of epidemics destroying whole civilizations; and, still today, with silent stealth, these diseases claim more lives than all the current wars combined. Having had the privilege of working throughout Africa, Asia, and Latin America, as well as in the great medical centers of Europe and the United States, the author presents the essential details for understanding pathogenesis, clinical manifestations, therapy, and prevention of the major tropical diseases. The text, now in its [eighth] edition, has been used for a half-century by medical students, practicing physicians, and public health workers around the world. This fascinating book should also be of interest to a broad, nonmedical readership interested in world affairs. All royalties from the sale of this book go to the training of humanitarian workers"--Provided by publisher. | ||
| 533 |
_aElectronic reproduction. _bPalo Alto, Calif. : _cebrary, _d2011. _nAvailable via World Wide Web. _nAccess may be limited to ebrary affiliated libraries. |
||
| 650 | 0 | _aTropical medicine. | |
| 655 | 7 |
_aElectronic books. _2local |
|
| 710 | 2 | _aebrary, Inc. | |
| 830 | 0 | _aInternational humanitarian affairs (Unnumbered) | |
| 856 | 4 | 0 |
_uhttp://site.ebrary.com/lib/rucke/Doc?id=10586781 _zAn electronic book accessible through the World Wide Web; click to view |
| 999 |
_c211678 _d211678 |
||